Ohlin-Heckscher theory of the basic and effects of commodity trade (Record no. 191919)

MARC details
000 -LEADER
fixed length control field 00372nam a2200133Ia 4500
008 - FIXED-LENGTH DATA ELEMENTS--GENERAL INFORMATION
fixed length control field 230917s9999||||xx |||||||||||||| ||und||
040 ## - CATALOGING SOURCE
-- 62824
Original cataloging agency VIVEKANANDA LIBRARY
041 ## - Language
-- English
082 ## - DDC NUMBER
Classification number 380.1 F758O
100 ## - MAIN ENTRY--PERSONAL NAME
Personal name Ford, J L
245 #0 - TITLE STATEMENT
Title Ohlin-Heckscher theory of the basic and effects of commodity trade
260 ## - PUBLICATION, DISTRIBUTION, ETC. (IMPRINT)
Place of publication, distribution, etc New York
Name of publisher, distributor, etc Asia Publishing House
Date of publication, distribution, etc 1965
942 ## - ADDED ENTRY ELEMENTS (KOHA)
Koha item type Books
Holdings
Withdrawn status Lost status Damaged status Not for loan Location (home branch) Sublocation or collection (holding branch) Date acquired Koha issues (times borrowed) Koha full call number Accession No. Koha date last seen Koha item type
        VIVEKANANDA LIBRARY VIVEKANANDA LIBRARY 07/01/2003   380.1 F758O 4936 17/09/2023 Books
© Designed and Maintained by Vivekananda Library, MDU Rohtak